1149 1495 1496 1635 1445 1500 1984 1254 1984 1019 1353 1754 1858 1917 1119 1380 1009 1428 1319 1805 1855 1306 1638 1372 1084 1465 1798 1557 1497 1277 1546 1885 1533 1062 1376 1617 1172 1068 1483 1431 1832 1004 1113 1285 1035 1226 1219 1137 1424 1605 1065 1031 1143 1047 1540 1194 1374 1001 1761 1098 1848 1376 1436 1819 1712 1661 1645 1016 1791 1415 1543 1702 1808 1404 1990 1363 1827 1905 1252 1123 1146 1743 1476 1580 1823 1598 1604 1282 1003 1980 1188 1830 1081 1277 1457 1299 1184 1395 1801 BCNSPRNW ULIB Ver.6.0+V

เปลี่ยนเป็นภาษาไทย

Change to English
 แสดงรายละเอียดบรรณานุกรม
  กลับหน้าหลัก

Brief Record : Get Marc (ISO 2709) : E-mail record : QR code < ปิดหน้าต่าง
LEADER : 00000nam 2200000uu 4500
001    13399124422
003     ULIB
008    020711s2550 th a 000 0 tha d
020    9789747503166
099    นว.^bน540อ
100    ninaM&ญาณิน
245    อีกมุมมองของความรู้สึก/^cninaM&ญาณิน
250    พิมพ์ครั้งที่ 2
260    กรุงเทพฯ :^bแจ่มใส,^c2550
300    203 หน้า
710    แจ่มใส
945    ^p159^l0^i14057
รายการนี้ยังไม่มีแท็ก
คุณยังไม่ได้ล็อกอิน คุณสามารถมีกิจกรรมร่วมกับเว็บไซต์ได้ แต่ต้องล็อกอินก่อน ::
  ล็อกอิน

รายการสื่อสารสนเทศ

ลำดับที่ ประเภท เลขเรียก/บาร์โค้ด สถานที่ สถานะ
1. นวนิยาย
นวนิยาย
นว. น540อ ฉ.1 
  Barcode: 14057
ห้องสมุดวิทยาเขตนครสวรรค์
►นวนิยาย:l:Fiction
บนชั้น

BibComment


ยังไม่เคยถูกคอมเมนท์

คอมเมนท์ทรัพยากรรายการนี้
  คอมเมนท์: อีกมุมมองของความร..


 Copyright 2026. Bcnsprnw @Library